Investissements étrangers: atouts et handicaps de l'espace francais.

Francúzske výrobné náklady schopné konkurencie. Mzdové náklady. Dane a konkurencia. Pomoc pre zahraničné investície. Iné investičné výdavky: cena za elektrinu ako dôležitá výhoda. Veľkosť francúzskeho trhu a geografické postavenie Francúzska v Európe ako dve veľké výhody. Priaznivejšie ekonomické a...

Descripción completa

Guardado en:
Detalles Bibliográficos
Formato: Capítulo de libro
Lenguaje:francés
Materias:
Etiquetas: Agregar Etiqueta
Sin Etiquetas, Sea el primero en etiquetar este registro!

MARC

LEADER 00000naa a2200000 4500
001 r009845
005 20220913125004.9
041 0 |a fre 
044 |a FR 
245 1 0 |a Investissements étrangers: atouts et handicaps de l'espace francais. 
520 |a Francúzske výrobné náklady schopné konkurencie. Mzdové náklady. Dane a konkurencia. Pomoc pre zahraničné investície. Iné investičné výdavky: cena za elektrinu ako dôležitá výhoda. Veľkosť francúzskeho trhu a geografické postavenie Francúzska v Európe ako dve veľké výhody. Priaznivejšie ekonomické a sociálne prostredie pre cudzích podnikateľov. (Localisation des investissements internationaux 1992, apríl). 
610 2 0 |a investície zahraničné 
610 2 0 |a Francúzsko 
610 2 0 |a náklady výrobné 
610 2 0 |a konkurencieschopnosť 
610 2 0 |a náklady mzdové 
610 2 0 |a dane 
610 2 0 |a trh vnútorný 
610 2 0 |a podnikatelia